000 00560nam a2200217Ia 4500
005 20250425162748.0
008 250425s9999 xx 000 0 und d
041 _aspa
082 _a986.6
110 _aECUADOR: BANCO CENTRAL DEL ECUADOR
245 0 _aCATALOGOS DEL ARCHIVO HISTORICO IV: FONDO NEPTALI BONIFAZ 2
250 _a1A ED.
260 _aEcuador
_bBANCO CENTRAL DEL ECUADOR
_c1983
260 _aQUITO
300 _a323
650 _aCATALOGO
650 _aECUADOR
650 _aFONDO NEPTALI BONIFAZ
942 _c01
010 _a106365
999 _c235901
_d235901